Most Expensive Summer 2024 Transfers - Statistics

General Stats
  • This quiz has been taken 50 times
  • The average score is 10 of 14
Answer Stats
Departure To Cost Answer % Correct
Man City Atlético Madrid €75m Álvarez
93%
Crystal Palace Bayern Munich €53m Olise
84%
Bournemouth Spurs €64.3m Solanke
84%
Leipzig Barcelona €55m Dani Olmo
82%
Lille Man United €62m Yoro
78%
Atlético Madrid Chelsea €52m João Félix
71%
Fulham Bayern Munich €51m Palhinha
71%
Wolves Chelsea €60m Pedro Neto
71%
Aston Villa Juventus €51.5m Douglas Luiz
69%
Benfica PSG €59.92m João Neves
69%
Aston Villa Al-Ittihad €60m Diaby
64%
Everton Aston Villa €59.35m Onana
62%
Atalanta Juventus €54.7m Koopmeiners
49%
Rennes PSG €50m Doué
31%
No matching quizzes found
Score Distribution
Percent of People with Each Score
Percentile by Number Answered
Your Score History
You have not taken this quiz